000 00452nam a22001817a 4500
003 MPLRDC
005 20220104162628.0
008 210129b ||||| |||| 00| 0 eng d
020 _a967-917-012-8
082 _a524.942 PENG 1984
100 _aLIM HO PENG
245 _aBUKU DARJAH PRESTON SPM BAHASA INGGERIS 322
_c
250 _a再版
260 _a
_bPRESTON CORPORATION
_c1984
300 _b
650 _a
942 _cBK
_o524.942 PENG 1984
999 _c56057
_d56047